Southville International School and Colleges
Your cart is empty.
  • Cart
  • Lists
    Public lists Eva Luna New books Lux_list list_1
    Your lists Log in to create your own lists
  • Log in to your account
  • Your cookies
  • Search history
Southville International School and Colleges
  • Advanced search
  • Recent comments
  • Most popular
  • Libraries

Log in to your account

Log in with GOOGLE


If you do not have an external account, but do have a local account, you can still log in:

  1. Home
  2. MARC view: Lickety split /
Normal view MARC view ISBD view

Lickety split / (Record no. 103796)

[ view plain ]
MARC details
000 -LEADER
fixed length control field 00512nam a2200181 a 4500
005 - DATE AND TIME OF LATEST TRANSACTION
control field 20140412111308.0
008 - FIXED-LENGTH DATA ELEMENTS--GENERAL INFORMATION
fixed length control field 010503s19uu xx 00 eng d
020 ## - INTERNATIONAL STANDARD BOOK NUMBER
International Standard Book Number 0-88625-290-3
050 ## - LIBRARY OF CONGRESS CALL NUMBER
Classification number TR(PS E
Item number Li62 1993
100 ## - MAIN ENTRY--PERSONAL NAME
Personal name Williams, Harland
245 ## - TITLE STATEMENT
Title Lickety split /
Statement of responsibility, etc by Harland Williams.
260 ## - PUBLICATION, DISTRIBUTION, ETC. (IMPRINT)
Place of publication, distribution, etc Niagara Falls, NY :
Name of publisher, distributor, etc Durkin Hayes Publishing Ltd,
Date of publication, distribution, etc 1993.
300 ## - PHYSICAL DESCRIPTION
Extent 31p. ; ill.
440 ## - SERIES STATEMENT/ADDED ENTRY--TITLE
Title School's Cool
650 ## - SUBJECT ADDED ENTRY--TOPICAL TERM
Topical term or geographic name as entry element Children's stories
650 ## - SUBJECT ADDED ENTRY--TOPICAL TERM
Topical term or geographic name as entry element Schools-Stories
Holdings
Withdrawn status Lost status Damaged status Home library Current library Shelving location Date acquired Source of acquisition Total Checkouts Full call number Barcode Date last seen Price effective from Koha item type
      Elizalde Library Elizalde Library Teachers Reference Section 05/03/2001     TR(PS E Li62 1993 E5899 04/12/2014 04/12/2014 Books

Lickety split /

APA

Williams H., . (1993). Lickety split. Niagara Falls, NY: Durkin Hayes Publishing Ltd.

Chicago

Williams Harland, . 1993. Lickety split. Niagara Falls, NY: Durkin Hayes Publishing Ltd.

Harvard

Williams H., . (1993). Lickety split. Niagara Falls, NY: Durkin Hayes Publishing Ltd.

MLA

Williams Harland, . Lickety split. Niagara Falls, NY: Durkin Hayes Publishing Ltd. 1993.

  • Place hold
  • Print
  • Cite
  • Add to your cart (remove)
  • Save record
    BIBTEX Dublin Core MARCXML MARC (non-Unicode/MARC-8) MARC (Unicode/UTF-8) MARC (Unicode/UTF-8, Standard) MODS (XML) RIS
  • More searches
    Search for this title in:
    Other Libraries (WorldCat) Other Databases (Google Scholar) Online Stores (Bookfinder.com) Open Library (openlibrary.org)

Exporting to Dublin Core...

SOUTHVILLE LIBRARY

Southville International School and Colleges Library

1281 Tropical Ave. Cor. Luxembourg St., BF Homes International, Las Pinas City

Tel. No. 8256374 / 252358 Loc. 117/146

Powered by Koha